| 000 | 00964nam a2200253Ia 4500 | ||
|---|---|---|---|
| 003 | Ost | ||
| 005 | 20260507075046.0 | ||
| 008 | 260507s9999||||xx |||||||||||||| ||und|| | ||
| 040 | _cfsecg | ||
| 041 | _aara | ||
| 082 | _a330 | ||
| 100 |
_aخريس، جمال _eمؤلف |
||
| 245 | 0 |
_aالنقود والبنوك / _c جمال خريس |
|
| 260 |
_aعمان: _bدار المسيرة للنشر والتوزيع, _c2002 |
||
| 300 |
_a136 صفحة؛ _bإيضاحات ؛ _c24 سم |
||
| 504 | _aببليوغرافيا: ص. 136 | ||
| 520 | _aالنقود-النظم النقدية-الإصدار النقدي-سوق النقد-الجهاز المصرفي الأردني-السياسة النقدية-التضخم | ||
| 653 | _aالبنوك | ||
| 653 | _aالسياسة النقدية | ||
| 653 | _aالنقود | ||
| 700 |
_aأبو خضر، أيمن _eمؤلف ثانوي |
||
| 700 |
_aخصاونة، عماد _eمؤلف ثانوي |
||
| 942 | _cكتاب | ||
| 999 |
_c42576 _d42576 |
||